La tía Tula

Guardat en:
Dades bibliogràfiques
Autor principal: Unamuno, Miguel de
Format: Llibre
Idioma:Undetermined
Publicat: Navarra, España Salvat Editores 1971
Matèries:
Etiquetes: Afegir etiqueta
Sense etiquetes, Sigues el primer a etiquetar aquest registre!

MARC

LEADER 00000nam a2200000Ia 4500
008 170316s9999 xx 000 0 und d
040 |a cru BVZT 
090 |a 862 U-2t 
100 |a Unamuno, Miguel de 
245 |a La tía Tula 
260 |a Navarra, España 
260 |b Salvat Editores 
260 |c 1971 
300 |a 187 páginas 
650 |a LITERATURA ESPAÑOLA 
999 |c 10488  |d 10488 
942 |c 15 D  |h 862 U-2t  |2 z